Soft computing / (Record no. 20786)
[ view plain ]
| 000 -LEADER | |
|---|---|
| fixed length control field | 00742nam a22002295a 4500 |
| 008 - FIXED-LENGTH DATA ELEMENTS--GENERAL INFORMATION | |
| fixed length control field | 150831r20142011ii a frb 001 0 eng d |
| 020 ## - INTERNATIONAL STANDARD BOOK NUMBER | |
| International Standard Book Number | 9789350141496 |
| 040 ## - CATALOGING SOURCE | |
| Original cataloging agency | EG-ScBUE |
| Language of cataloging | eng |
| Transcribing agency | EG-ScBUE |
| 082 04 - DEWEY DECIMAL CLASSIFICATION NUMBER | |
| Edition number | 22 |
| Classification number | 006.3 |
| Item number | AWA |
| 100 1# - MAIN ENTRY--PERSONAL NAME | |
| Personal name | Awasthy, Neeta. |
| 9 (RLIN) | 38791 |
| 245 10 - TITLE STATEMENT | |
| Title | Soft computing / |
| Statement of responsibility, etc | by Neeta Awasthy. |
| 246 34 - VARYING FORM OF TITLE | |
| Title proper/short title | Soft computing : |
| Remainder of title | with neural networks, fuzzy logic and genetic algorithm |
| 250 ## - EDITION STATEMENT | |
| Edition statement | 1st ed., Reprint ed. |
| 260 ## - PUBLICATION, DISTRIBUTION, ETC. (IMPRINT) | |
| Place of publication, distribution, etc | New Delhi : |
| Name of publisher, distributor, etc | S. K. Kataria & Sons, |
| Date of publication, distribution, etc | 2014. |
| 300 ## - PHYSICAL DESCRIPTION | |
| Extent | 294 p. : |
| Other physical details | ill. ; |
| Dimensions | 27 cm. |
| 500 ## - GENERAL NOTE | |
| General note | Index : p. 293-294. |
| 504 ## - BIBLIOGRAPHY, ETC. NOTE | |
| Bibliography, etc | Bibliography : p. 285-292. |
| 650 #7 - SUBJECT ADDED ENTRY--TOPICAL TERM | |
| Source of heading or term | BUEsh |
| 9 (RLIN) | 13248 |
| Topical term or geographic name as entry element | Soft computing. |
| 651 ## - SUBJECT ADDED ENTRY--GEOGRAPHIC NAME | |
| Source of heading or term | BUEsh |
| 653 ## - INDEX TERM--UNCONTROLLED | |
| Resource For college | Informatics and Computer Science |
| Arrived date list | August2015 |
| -- | November2015 |
| 942 ## - ADDED ENTRY ELEMENTS (KOHA) | |
| Source of classification or shelving scheme | Dewey Decimal Classification |
| Withdrawn status | Lost status | Source of classification or shelving scheme | Damaged status | Not for loan | Koha collection | Home library | Current library | Shelving location | Date acquired | Source of acquisition | Cost, normal purchase price | Serial Enumeration / chronology | Total Checkouts | Total Renewals | Full call number | Barcode | Date last seen | Date last borrowed | Cost, replacement price | Koha item type |
|---|---|---|---|---|---|---|---|---|---|---|---|---|---|---|---|---|---|---|---|---|
| Dewey Decimal Classification | Baccah | Central Library | Central Library | Lower Floor | 31/08/2015 | Purchase | 132.00 | 21759 | 1 | 7 | 006.3 AWA | 000030909 | 15/07/2025 | 21/02/2017 | 165.00 | Book - Borrowing |